Sportler des Jahres (Deutschland) - Statistiken

Allgemein
  • Dieses Quiz wurde 1.539 mal gespielt
    1.145 seit der letzten Aktualisierung
  • Das Durchschnittsergebnis liegt bei 15 aus 32
Antwortstatistiken
Jahr Athlet Sportart % Korrekt
1990 Boris Becker Tennis
92%
2021 Alexander Zverev Tennis
84%
1995 Michael Schumacher Motorsport
81%
2004 Michael Schumacher Motorsport
81%
2011 Dirk Nowitzki Basketball
76%
2010 Sebastian Vettel Motorsport
74%
2007 Fabian Hambüchen Turnen
65%
2016 Fabian Hambüchen Turnen
65%
1997 Jan Ullrich Radsport
61%
2003 Jan Ullrich Radsport
61%
2002 Sven Hannawald Skispringen
59%
2008 Matthias Steiner Gewichtheben
52%
2012 Robert Harting Diskuswurf
51%
2013 Robert Harting Diskuswurf
51%
2014 Robert Harting Diskuswurf
51%
1993 Henry Maske Boxen
47%
2015 Jan Frodeno Triathlon
46%
2020 Leon Draisaitl Eishockey
42%
1991 Michael Stich Tennis
42%
1998 Georg Hackl Rennrodeln
34%
1999 Martin Schmitt Skispringen
34%
2019 Niklas Kaul Zehnkampf
30%
2001 Erik Zabel Radsport
29%
2017 Johannes Rydzek Nordische Kombination
27%
2009 Paul Biedermann Schwimmen
26%
2006 Michael Greis Biathlon
21%
1992 Dieter Baumann Langstreckenlauf
18%
2005 Ronny Ackermann Nordische Kombination
18%
1996 Frank Busemann Zehnkampf
17%
1994 Markus Wasmeier Ski Alpin
16%
2018 Patrick Lange Triathlon
15%
2000 Nils Schumann Mittelstreckenlauf
9%
Keine übereinstimmenden Quizze gefunden
Verteilung der Resultate
Anzahl Personen mit jedem Resultat
Perzentil nach korrekt beantworteten Fragen
Ihre Resultats-Entwicklung
Sie haben dieses Quiz seit der letzten Aktualisierung nicht gespielt